|
|
|
|
| LEADER |
02273nam a2200505 i 4500 |
| 001 |
nkc20243596434 |
| 003 |
CZ PrNK |
| 005 |
20240923095312.0 |
| 007 |
ta |
| 008 |
240712s2024 xr g 000 f cze |
| 015 |
|
|
|a cnb003596434
|
| 020 |
|
|
|a 978-80-249-5440-0
|q (vázáno)
|
| 035 |
|
|
|a (OCoLC)1459786310
|
| 040 |
|
|
|a ABG001
|b cze
|e rda
|
| 041 |
1 |
|
|a cze
|h eng
|
| 072 |
|
7 |
|a 821.111(73)-3
|x Americká próza
|2 Konspekt
|9 25
|
| 080 |
|
|
|a 821.111(73)-31
|2 MRF
|
| 080 |
|
|
|a (0:82-312.5)
|2 MRF
|
| 080 |
|
|
|a (0:82-31)-055.2
|2 MRF
|
| 100 |
1 |
|
|a Probst, Jennifer
|7 xx0171571
|4 aut
|
| 240 |
1 |
0 |
|a Meant to be.
|l Česky
|
| 245 |
1 |
0 |
|a Svedeni osudem /
|c Jennifer Probstová ; přeložila Zuzana Hanešková
|
| 250 |
|
|
|a Vydání první
|
| 264 |
|
1 |
|a Praha :
|b Ikar,
|c 2024
|
| 300 |
|
|
|a 342 stran ;
|c 21 cm
|
| 336 |
|
|
|a text
|b txt
|2 rdacontent
|
| 337 |
|
|
|a bez média
|b n
|2 rdamedia
|
| 338 |
|
|
|a svazek
|b nc
|2 rdacarrier
|
| 500 |
|
|
|a Přeloženo z angličtiny
|
| 520 |
2 |
|
|a Milostný román o dvou lidech, které znovu svede dohromady ztráta milované bytosti - její kamarádky, jeho ženy.
|b Jsou to už dva roky, co Chiara přišla o svou nejlepší kamarádku Rory. Není ale jediná, komu tolik chybí. I Roryin ovdovělý manžel Sebastian ztratil svou spřízněnou duši. Když se Chiara a Sebastian kdysi seznámili, neuvěřitelně to mezi nimi jiskřilo. Tehdy ovšem chtěli každý od života něco jiného, a tak se jejich cesty rozešly a ona doufala, že už ho nikdy neuvidí. Teď je ale náhoda znovu svede dohromady a staré city vyplouvají na povrch spolu s výčitkami. Nakladatelská anotace. Kráceno.
|
| 655 |
|
7 |
|a americké romány
|7 fd131796
|2 czenas
|
| 655 |
|
7 |
|a milostné romány
|7 fd132840
|2 czenas
|
| 655 |
|
7 |
|a romány pro ženy
|7 fd187897
|2 czenas
|
| 655 |
|
9 |
|a American fiction
|2 eczenas
|
| 655 |
|
9 |
|a love novels
|2 eczenas
|
| 655 |
|
9 |
|a women's novels
|2 eczenas
|
| 700 |
1 |
|
|a Hanešková, Zuzana
|7 jn20020716059
|4 trl
|
| 787 |
0 |
8 |
|i Z cyklu:
|t Osudové zvraty
|g 1
|
| 910 |
2 |
|
|a BOA001
|b 2-1527.768
|
| 920 |
|
|
|a 4999404
|z ABG001
|
| 928 |
9 |
|
|a Euromedia Group - Ikar
|
| 990 |
|
|
|a BK
|
| 995 |
|
|
|a 01
|
| 991 |
|
|
|b 202407
|c NOV
|
| 996 |
6 |
|
|b 2610975562
|c 2-1527.768
|l MZK
|r Sklad / do 1 hodiny
|n 1
|p p.v.
|w 001971516
|u 000010
|a 1
|e BOA001
|j MZK50
|s P
|